Länder der Welt Anagramme - Statistiken

Allgemein
  • Dieses Quiz wurde 151 mal gespielt
    140 seit der letzten Aktualisierung
  • Das Durchschnittsergebnis liegt bei 8 aus 10
Antwortstatistiken
Anagramm Land % Korrekt
naapj Japan
96%
iehlc Chile
95%
evzeluane Venezuela
94%
gaifashatnin Afghanistan
92%
adkaan Kanada
91%
olsa Laos
89%
ynelbi Libyen
79%
mabaini Namibia
68%
nsedlat Estland
56%
womednlia Moldawien
44%
Keine übereinstimmenden Quizze gefunden
Verteilung der Resultate
Anzahl Personen mit jedem Resultat
Perzentil nach korrekt beantworteten Fragen
Ihre Resultats-Entwicklung
Sie haben dieses Quiz seit der letzten Aktualisierung nicht gespielt